00763nam a2200169 a 4500003000200000005001700002008004100019050002600060100002800086245020700114260009000321300002300411504004100434650003200475650004400507650004200551020250422083249.0060725s19uu xx 00 eng d aPHS HM 821b.C47 2006 aCervantes, Mariz Mae L. aA Comparative study on the effects of economic status on the self-esteem of graduating students of Southville International School and Colleges and Escuela de San Lorenzo Ruiz /cMariz Mae L. Cervantes. aLas Piñas City, Philippines :bSouthville International School and Colleges,c2006. a35 pages ;c28 cm. aIncludes bibliographical references. aSelf-esteem in adolescence. aEconomic statusxPsychological aspects. aSocial statusxPsychological aspects.